000 00635nam a2200193 i 4500
001 87291
003 ES-MaACL
005 20231215062952.0
007 t|
008 041220s1978 sp ||||1| spa d
100 1 _aKruess, James.
_968902
245 1 3 _aEl águila y la paloma /
_cJames Krüss ; traducción de Carmen Bravo-Villasante ; ilustraciones y portada de Adolfo Calleis.
260 _a[Valladolid] :
_bMiñón,
_c[1978]
300 _a112 p. :
_bil. ;
_c21 cm.
700 1 _aBravo-Villasante, Carmen,
_d1918-1994
_931507
700 1 _aCalleis, Adolfo.
_933712
852 _aES-MaACL
_jA-9076
_bR.98577
999 _c87291
_d87291